|
|
|
|
| LEADER |
00000nam0a2200000 4500 |
| 001 |
129733 |
| 005 |
20260113143414.0 |
| 035 |
|
|
|a (RuTPU)RU\TPU\book\140424
|
| 090 |
|
|
|a 129733
|
| 100 |
|
|
|a 20080128d1982 m y0rusy5003 ca
|
| 101 |
1 |
|
|a rus
|c eng
|
| 102 |
|
|
|a RU
|
| 105 |
|
|
|a a z 000ay
|
| 200 |
1 |
|
|a Астрофил и Стелла. Защита поэзии
|e Сонеты
|e пер. с англ.
|f Ф. Сидни (Сидней)
|g Академия наук СССР (АН СССР) ; сост. Л. И. Володарская ; худож. В. Г. Виноградов
|
| 210 |
|
|
|a Москва
|c Наука
|d 1982
|
| 215 |
|
|
|a 367 с.
|c ил., 5 л. ил.
|d 17 см
|
| 225 |
1 |
|
|a Литературные памятники
|
| 300 |
|
|
|a В прил.: Первый английский цикл сонетов и его автор; Первая английская поэтика / Л. И. Володарская
|
| 606 |
|
|
|a Английская литература
|9 52454
|
| 610 |
1 |
|
|a художественая литература
|
| 610 |
1 |
|
|a поэзия
|
| 610 |
1 |
|
|a литературные памятники
|
| 675 |
|
|
|a 82
|v 4
|
| 700 |
|
1 |
|a Сидни (Сидней)
|b Ф.
|c английский поэт эпохи Возрождения
|f 1554-1586
|g Филип
|3 (RuTPU)RU\TPU\pers\14157
|9 4625
|
| 702 |
|
1 |
|a Володарская
|b Л. И.
|4 220
|
| 702 |
|
1 |
|a Виноградов
|b В. Г.
|4 440
|
| 712 |
0 |
2 |
|a Академия наук СССР (АН СССР)
|3 (RuTPU)RU\TPU\col\722
|
| 801 |
|
0 |
|a RU
|b RuMRKP
|c 19950704
|g psbo
|
| 801 |
|
1 |
|a RU
|b 63413507
|c 20080128
|g PSBO
|
| 801 |
|
2 |
|a RU
|b 63413507
|c 20080128
|g PSBO
|
| 942 |
|
|
|c BK
|